000
00235nam a2200097Ia 4500
005
20251222114415.0
008
251222s1900||||xx |||||||||||||| ||spa||
082
_a
DVD0060/A43/1989
245
0
_a
Tres historias de Nueva York :
942
_c
DVD
999
_c
2183
_d
2183